Alternativas europeas a la crisis centroamericana: El Carácter de la crisis centroamericana y las alternativas regionales
সংরক্ষণ করুন:
| বিন্যাস: | পাঠ্য |
|---|---|
| প্রকাশিত: |
Santander:
ICI
|
| ট্যাগগুলো: |
ট্যাগ যুক্ত করুন
কোনো ট্যাগ নেই, প্রথমজন হিসাবে ট্যাগ করুন!
|
MARC
| LEADER | 00000 a a2200000 04500 | ||
|---|---|---|---|
| 001 | 24349 | ||
| 003 | |||
| 040 | |a CRAI/IIS |c CRAI/IIS | ||
| 090 | |a 172705 | ||
| 245 | |a Alternativas europeas a la crisis centroamericana: El Carácter de la crisis centroamericana y las alternativas regionales | ||
| 260 | |a Santander: |b ICI | ||
| 300 | |a 150 p. | ||
| 999 | |c 16160 |d 16160 | ||
